000 00989cab a2200265 4500
001 ABS51408
008 090401t1994 xxu||||| |||| 00| 0 eng d
035 _a(Sirsi) u25285
041 _aeng
100 _aWood, G.
245 _aPaying for our past
260 _c1994
350 _a0
490 _aCSM (Chartered Surveyor Monthly)
_v3(11) September 1994, 28-29(2)
520 _aAs environmental awareness is raised with regard to all property, those dealing with land must become more awre of the quality and problems of land. Considers the mechanisms by which land can become physically difficult - historic mining, chemical contamination and naturally occuring geological phenomena. Outlines liabilities and responsibilities.
650 _aAWARENESS
650 _aCAUSES
650 _aCONTAMINATED LAND
650 _aContamination
_96231
650 _aLIABILITY
690 _aENVIRONMENTAL AND LAND CONSULTANCY
690 _aLAND
942 _n0
948 _c04/03/1997
999 _c16973
_d16973